|
|
|
|
| LEADER |
00000cas a2200000 a 4500 |
| 001 |
vtls001099616 |
| 003 |
SK-MaSNL |
| 005 |
20260228160639.0 |
| 008 |
180815d19811989xo ar|p 0 0b0slo |
| 035 |
|
|
|a SNK000042458
|
| 040 |
|
|
|a SNK
|b slo
|c SNK
|e AACR2
|
| 041 |
0 |
|
|a slo
|
| 044 |
|
|
|a xo
|c SK
|
| 072 |
|
7 |
|a 796
|x Šport. Hry. Telesné cvičenia
|2 konspekt
|
| 080 |
|
|
|a 796.966
|2 2011
|
| 080 |
|
|
|a 050
|2 2001
|
| 080 |
|
|
|a (059)
|2 2011
|
| 245 |
0 |
0 |
|a Hokejová ročenka ...
|
| 260 |
|
|
|a Bratislava
|b Šport
|c 1981-1989
|
| 300 |
|
|
|a zv.
|c 20 cm
|
| 310 |
|
|
|a 1x ročne
|
| 362 |
0 |
|
|a 1980/1981-1987/1988
|
| 650 |
0 |
7 |
|a ľadový hokej
|2 SNKPH
|9 3231
|
| 655 |
|
7 |
|a ročenky
|2 SNKPH
|9 57146
|
| 850 |
|
|
|a Slovenská národná knižnica v Martine
|
| 910 |
|
|
|a snk
|
| 958 |
|
|
|a OND
|
| 999 |
|
|
|c 3185
|d 5115
|
| 952 |
|
|
|0 0
|1 0
|4 0
|7 0
|a SNK
|b SNK
|d 2002-04-17
|i snkKSP 4858/2002
|l 0
|o snkČSD 1116/1987-1988 D2
|p 17A0342027
|r 2004-12-31 00:00:00
|w 2026-02-21
|y PREZ
|
| 952 |
|
|
|0 0
|1 0
|4 0
|7 0
|a SNK
|b SNK
|d 2003-07-07
|i snkKSP 4336/89
|l 0
|o snkČSD 1116/1987-1988 D1
|p 17A0388748
|r 2004-12-31 00:00:00
|w 2026-02-21
|y PREZ
|
| 952 |
|
|
|0 0
|1 0
|4 0
|7 0
|a SNK
|b SNK
|d 2003-07-07
|i snkKSP 3887/87
|l 0
|o snkČSD 1116/1985-1986 D1
|p 17A0388747
|r 2004-12-31 00:00:00
|w 2026-02-21
|y PREZ
|
| 952 |
|
|
|0 0
|1 0
|4 0
|7 0
|a SNK
|b SNK
|d 2003-07-07
|i snkKSP 1205/86
|l 0
|o snkČSD 1116/1984-1985
|p 17A0388743
|r 2004-12-31 00:00:00
|w 2026-02-21
|y PREZ
|
| 952 |
|
|
|0 0
|1 0
|4 0
|7 0
|a SNK
|b SNK
|d 2000-03-23
|l 0
|o snkČSD 1116/1983-1984 D1
|p 17A0231820
|r 2004-12-31 00:00:00
|w 2026-02-21
|y PREZ
|
| 952 |
|
|
|0 0
|1 0
|4 0
|7 0
|a SNK
|b SNK
|d 2003-07-07
|i snkKSP 10114/84
|l 0
|o snkČSD 1116/1983-1984
|p 17A0388742
|r 2004-12-31 00:00:00
|w 2026-02-21
|y PREZ
|
| 952 |
|
|
|0 0
|1 0
|4 0
|7 0
|a SNK
|b SNK
|d 2002-09-18
|l 0
|o snkČSD 1116/1980-1981 D1
|p 17A0355993
|r 2004-12-31 00:00:00
|w 2026-02-21
|y PREZ
|
| 952 |
|
|
|0 0
|1 0
|4 0
|7 0
|a SNK
|b SNK
|d 2002-09-18
|l 0
|o snkČSD 1116/1981-1982 D1
|p 17A0355994
|r 2004-12-31 00:00:00
|w 2026-02-21
|y PREZ
|
| 952 |
|
|
|0 0
|1 0
|4 0
|7 0
|a SNK
|b SNK
|d 2004-08-13
|i snkKSP 9462/82
|l 0
|o snkČSD 1116/1981-1982
|p 17A0433418
|r 2004-12-31 00:00:00
|w 2026-02-21
|y PREZ
|
| 952 |
|
|
|0 0
|1 0
|4 0
|7 0
|a SNK
|b SNK
|d 2003-07-07
|i snkKSP 4939/88
|l 0
|o snkČSD 1116/1986-1987 D1
|p 17A0388744
|r 2004-12-31 00:00:00
|w 2026-02-21
|y PREZ
|
| 952 |
|
|
|0 0
|1 0
|4 0
|7 0
|8 1
|a SNK
|b SNK
|d 2015-06-17
|i snk2015/18896
|l 0
|o snkČSD 1116/1982-1983
|p 17A1096124
|r 2026-02-21 21:46:07
|w 2026-02-21
|y PREZ
|